000 00925nam a2200265Ia 4500
003 OSt
005 20221005110658.0
006 a|||||r|||| 00| 0
007 ta
008 221004b |||||||| |||| 00| 0 hin d
020 _a9788171785612 (hbk)
_c150
024 _a98241
037 _b581, 23/03/2009, Vani Prakashan
_cTextual
040 _aCRL
_cCRL
_bhin
041 _2hin
_ahin
082 _aX:533.2, N6
100 _aभादुड़ी, अमित
245 0 _aउदारीकरण का सच
246 _aUdārīkaraṇ kā sacha
260 _aनई दिल्ली
_bराजकमल प्रकाशन भारत
_c1996
300 _a148पृ0
_ccm.
700 _a नय्यर, दीपक
942 _hX:533.2, N6
_cTEXL
_2cc
999 _c1019564
_d1019564